Responses for Show #5620 - Friday, January 30, 2009

Contestants

[<< previous game]

Alan Kluegel, an attorney from Urbana, Illinois

Noelle McHugh, a graphic designer originally from Eastchester, New York

Jack Feerick, a freelance writer from Churchville, New York (whose 2-day cash winnings total $71,801)

[next game >>]

Jeopardy! Round responses

GEORGE CARLIN
A PLACE FOR MY STUFF
IT'S BAD FOR YA
ON CAMPUS
WHAT AM I DOING IN NEW JERSEY?
PLAYIN' WITH YOUR "HEAD"
    $200 21
Saturday Night Live

Jack
    $200 16
pantry

Alan
    $200 1
scurvy

Jack
    $200 11
the Bulldogs

Alan
    $200 26
Atlantic City

Noelle
    $200 6
an arrowhead

Alan
    $400 22
a weatherman

Jack
    $400 17
an armoire

Noelle
    $400 2
the black plague (or black death)

Noelle
    $400 12
Georgetown

Alan
    $400 27
(William) Trent

Noelle
    $400 7
a Deadhead

Noelle
    $600 23
HBO

Jack
    $600 18
a Wardrobe

Noelle
    $600 3
tuberculosis

Noelle
    $600 13
Stetson University

Triple Stumper
    $600 28
Menlo Park

Jack
    $600 8
Moosehead

Alan
    $800 24
That Girl

Jack
    $800 19
a cubbyhole

Noelle
    $800 4
polio

Triple Stumper
    $800 14
Catalina

Jack
    $1,000 29
Woodrow Wilson

Jack
    $800 9
a figurehead

Alan
    $1000 25
(Mark) Twain

Alan
    $1000 20
a hod

Jack
    $1000 5
Crohn's

Alan
    $1000 15
Cesar Chavez

Jack
    $1000 30
Christie Todd Whitman

Jack
    $1000 10
a jarhead

Noelle

Scores at the first commercial break (after clue 15):

Jack Noelle Alan
$2,000 $2,400 $3,200

Scores at the end of the Jeopardy! Round:

Jack Noelle Alan
$7,600 $4,800 $4,400

Double Jeopardy! Round responses

CONSTELLATIONS
ACTORS' DIRECTORIAL DEBUTS
(Alex: We're talking about feature films.)
"D" MEN OF HISTORY
GODS AROUND US
EPIGRAPHS
FROM THE FRENCH
    $400 21
Ursa Major

Alan
    $400 1
Kevin Costner

Noelle
    $400 6
Sir Francis Drake

Triple Stumper
    $400 11
A Boy Scout

Jack
    $400 16
Fahrenheit 451

Noelle
    $400 26
petite

Alan
    $800 22
Orion

Noelle
    $800 2
(Alan: Who is Shatner?)

Leonard Nimoy

JackAlan
    $800 7
the Dalai Lama

Jack
    $800 12
(Monty Python and) The Holy Grail

Noelle
    $800 17
(Jack: What is Hebrew?)

Yiddish

JackNoelle
    $800 27
an omelet

Noelle
    $1200 23
Scorpio

Alan
    $1200 3
Sylvester Stallone

Jack
    $1200 8
(Thomas) Dewey

Alan
    $1200 13
Children of a Lesser God

Jack
    $1200 18
(Alan: What is O Pioneer!?)

O Pioneers!

NoelleAlan
    $1200 28
giblets

Jack
    $1600 24
Taurus

Jack
    $1600 4
(Robert) De Niro

Alan
    $1600 9
(Richard) Daley

Alan
    $1600 14
Godspell

Jack
    $1600 19
Forster

Alan
    $1600 29
monde

Jack
    $2000 25
Perseus

Jack
    $2000 5
Denzel Washington

Triple Stumper
    $3,000 10
(Alan: Who is Disraeli?)

John Dalton

Alan
    $5,000 15
Janus

Jack
    $2000 20
Somerset Maugham

Jack
    $2000 30
chinoiserie (chinois accepted)

Jack

Scores at the end of the Double Jeopardy! Round:

Jack Noelle Alan
$28,200 $10,000 $7,400
(lock game)

[wagering suggestions for these scores]

Final Jeopardy! Round responses

WEAPONS OF WORLD WAR II
(Alex: The B-17 Bomber, yes!)
AlanWhat is the zero?
$7,300
NoelleWhat was the Flying Fortress?
$4,850
JackWhat was a Flying Fortress?
$8,199
the Flying Fortress

Final scores:

Jack Noelle Alan
$36,399 $14,850 $100
3-day champion: $108,200 2nd place: $2,000 3rd place: $1,000

Game dynamics:

Coryat scores:

Jack Noelle Alan
$25,000 $10,000 $10,400
24 R
(including 2 DDs),
1 W
16 R,
0 W
15 R,
3 W
(including 1 DD)

Combined Coryat: $45,400

[game clues] [game scores] [suggest correction]

Game tape date: 2008-11-18
The J! Archive is created by fans, for fans. Scraping, republication, monetization, and malicious use prohibited; this site may use cookies and collect identifying information. See terms. The Jeopardy! game show and all elements thereof, including but not limited to copyright and trademark thereto, are the property of Jeopardy Productions, Inc. and are protected under law. This website is not affiliated with, sponsored by, or operated by Jeopardy Productions, Inc. Join the discussion at JBoard.tv.